[Event "Feffernitz Raika op 18th"]
[Site "Feffernitz"]
[Date "2009.08.18"]
[Round "4"]
[White "Fantana, Marin Dumitru"]
[Black "Oesterreicher, Moritz"]
[Result "1/2-1/2"]
[WhiteElo "2011"]
[BlackElo "1823"]
[PlyCount "62"]
[EventDate "2009.08.16"]
[EventType "swiss"]
[EventRounds "9"]
[EventCountry "AUT"]
[SourceTitle "CBM 131 Extra"]
[Source "ChessBase"]
[SourceDate "2009.09.03"]
[SourceVersion "2"]
[SourceVersionDate "2009.09.16"]
[SourceQuality "1"]

1. e4 c5 2. Nf3 Nc6 3. d4 cxd4 4. Nxd4 Nf6 5. Nc3 e5 6. Nb3 Bb4 7. Bg5 Bxc3+ 8. bxc3 0-0 9. Bc4 h6 10. h4 d6 11. Bxf6 Qxf6 12. Bd5 Be6 13. c4 Rac8 14. Qd2 a5 15. Nxa5 Bxd5 16. cxd5 Nxa5 17. Qxa5 Rxc2 18. 0-0 Qxh4 19. Qb4 Re2 20. Qxd6 Rd8 21. Qc7 Rxe4 22. Rad1 Qf6 23. Qxb7 Rd4 24. Rxd4 exd4 25. Rd1 Qe5 26. Kf1 Qxd5 27. Qxd5 Rxd5 28. Ke2 g5 29. Kd3 Rd8 30. Kc4 Rc8+ 31. Kd3 Rc3+ 1/2-1/2

[Event "Feffernitz Raika op 16th"]
[Site "Feffernitz"]
[Date "2007.08.22"]
[Round "5"]
[White "Oesterreicher, Moritz"]
[Black "Gallob, Alois"]
[Result "1/2-1/2"]
[WhiteElo "1496"]
[BlackElo "1910"]
[PlyCount "87"]
[EventDate "2007.08.19"]
[EventType "swiss"]
[EventRounds "9"]
[EventCountry "AUT"]
[SourceTitle "EXT 2008"]
[Source "ChessBase"]
[SourceDate "2007.11.25"]
[SourceVersion "1"]
[SourceVersionDate "2007.11.25"]
[SourceQuality "1"]

1. e4 d6 2. d4 g6 3. Nf3 Bg7 4. Nc3 Nf6 5. Bg5 c6 6. Be2 0-0 7. 0-0 Qc7 8. Qd2 b5 9. a3 Nbd7 10. Bh6 Bb7 11. Rfe1 e5 12. Bxg7 Kxg7 13. d5 a6 14. dxc6 Bxc6 15. Bd3 Nc5 16. Rad1 Rad8 17. b4 Ne6 18. Bf1 Qb7 19. Nd5 Bxd5 20. exd5 Nf4 21. c4 Qd7 22. g3 Qg4 23. Be2 Nxe2+ 24. Qxe2 bxc4 25. Nd2 Qxe2 26. Rxe2 Nxd5 27. Rc1 Nb6 28. Nxc4 Nxc4 29. Rxc4 Rc8 30. Rec2 Rxc4 31. Rxc4 d5 32. Rc6 Ra8 33. Rd6 d4 34. f4 f6 35. Kf2 Kf7 36. Kf3 Ke7 37. Rc6 Ra7 38. fxe5 fxe5 39. Ke4 Rd7 40. Kxe5 d3 41. Rc1 d2 42. Rd1 Rd3 43. a4 h6 44. Ke4 1/2-1/2